[Event "AUTO-INT-2453"]
[Site "http://www.queenalice.com/game.php?id=1109276"]
[Date "2012.10.4"]
[Round "1"]
[White "TheAvenger"]
[Black "carolbarrilari"]
[Result "1-0"]
[WhiteElo "1551"]
[BlackElo "1205"]

1. e4 e5 2. f4 d6 3. d4 Nf6 4. Nc3 Bg4 5. Be2 Bxe2 6. Qxe2 Nc6 7. Qb5 exd4 8.
Qxb7 Be7 9. Qxc6+ Kf8 10. Nce2 h5 11. Nxd4 Rb8 12. Qa4 Nxe4 13. Nc6 Bh4+ 14. g3
Qf6 15. Nxb8 Ke7 16. Qd7+ Kf8 17. Qxc7 a6 18. Nxa6 Rh6 19. Nf3 Bg5 20. O-O Qg6
21. fxg5 Rh8 22. Qd8# 1-0

[Event "AUTO-INT-2458"]
[Site "http://www.queenalice.com/game.php?id=1111107"]
[Date "2012.10.10"]
[Round "1"]
[White "IDeia"]
[Black "carolbarrilari"]
[Result "1-0"]
[WhiteElo "1647"]
[BlackElo "1173"]

1. e4 e5 2. d3 Nc6 3. c4 Nf6 4. Nc3 d6 5. Nf3 Be6 6. Be2 Qe7 7. d4 Rd8 8. d5 Bg4
9. dxc6 bxc6 10. h3 Bxf3 11. Bxf3 g5 12. Bxg5 Rg8 13. Bxf6 Qxf6 14. Qa4 Kd7 15.
Bg4+ 1-0

[Event "AUTO-INT-2458"]
[Site "http://www.queenalice.com/game.php?id=1111108"]
[Date "2012.10.10"]
[Round "1"]
[White "carolbarrilari"]
[Black "IDeia"]
[Result "0-1"]
[WhiteElo "1175"]
[BlackElo "1645"]

1. e4 c5 2. Nc3 Nc6 3. Nf3 d6 4. Bc4 a6 5. d3 Nf6 6. Bg5 h6 7. Bxf6 gxf6 8. O-O
Rg8 9. g3 Bh3 10. Re1 Bg4 11. Kg2 Nd4 12. a3 Bxf3+ 13. Qxf3 Nxf3 14. Kxf3 e6 0-1

[Event "AUTO-INT-2458"]
[Site "http://www.queenalice.com/game.php?id=1111121"]
[Date "2012.10.10"]
[Round "1"]
[White "Rijo"]
[Black "carolbarrilari"]
[Result "1-0"]
[WhiteElo "1592"]
[BlackElo "1148"]

1. e4 e5 2. Nf3 Nf6 3. Bd3 Bc5 4. Qe2 Nc6 5. c3 Qe7 6. Bc4 d6 7. b4 Bb6 8. a4
Bg4 9. b5 Nd8 10. h3 Be6 11. Ba3 Bc5 12. d4 Bxc4 13. Qb2 Bxa3 14. Nxa3 Bd3 15.
Ng5 h6 16. Kd2 hxg5 17. Kxd3 Ne6 18. g3 b6 19. d5 Nd8 20. Nc4 Nb7 21. Qb4 Nc5+
22. Ke3 Nfxe4 23. f3 1-0

[Event "AUTO-INT-2458"]
[Site "http://www.queenalice.com/game.php?id=1111122"]
[Date "2012.10.10"]
[Round "1"]
[White "carolbarrilari"]
[Black "Rijo"]
[Result "0-1"]
[WhiteElo "1146"]
[BlackElo "1594"]

1. e4 e5 2. Nc3 Nc6 3. Nf3 Bc5 4. Bb5 Qf6 5. O-O a6 6. Bc4 Nd4 7. Nxd4 Bxd4 8.
Qf3 Bxc3 9. Qxc3 b5 10. Bb3 c6 11. a4 Bb7 12. axb5 cxb5 13. d3 Nh6 14. Qc7 Bc6
15. Bd5 Bxd5 16. exd5 O-O 17. Re1 Rac8 18. Qb7 Rxc2 19. Be3 Ng4 20. Rec1 Rxb2
21. Ba7 Nxf2 22. Bxf2 Qxf2+ 0-1

[Event "AUTO-INT-2458"]
[Site "http://www.queenalice.com/game.php?id=1111131"]
[Date "2012.10.10"]
[Round "1"]
[White "carolbarrilari"]
[Black "nuage"]
[Result "0-1"]
[WhiteElo "1207"]
[BlackElo "1593"]

1. e4 e6 2. Nc3 Bc5 3. f3 Nf6 4. Nh3 O-O 5. Nb5 c6 6. Nc3 d5 7. Bd3 dxe4 8. Bc4
Qd4 9. b3 e3 10. Ne2 Qxa1 11. d4 Bb4+ 12. Kf1 Qxa2 13. Bxe3 b5 14. Nhf4 bxc4 15.
bxc4 Qxc4 16. c3 Bxc3 17. Kf2 Na6 18. Nxc3 Qxc3 19. Qd3 Qxd3 20. Nxd3 Rb8 21.
Ne5 Nb4 22. Bg5 a5 23. Ra1 Rb5 24. Nxc6 Nxc6 25. Rc1 Nxd4 26. Ke3 Rxg5 27. Kxd4
Rxg2 28. Kc5 Rg5+ 29. Kc6 Bd7+ 30. Kc7 Rc8+ 31. Kd6 Rxc1 32. Ke7 Rc8 33. Kd6
Rd5+ 34. Ke7 Re8# 0-1

[Event "AUTO-INT-2458"]
[Site "http://www.queenalice.com/game.php?id=1111132"]
[Date "2012.10.10"]
[Round "1"]
[White "nuage"]
[Black "carolbarrilari"]
[Result "1-0"]
[WhiteElo "1591"]
[BlackElo "1211"]

1. Nf3 Nf6 2. d3 e6 3. g3 Nc6 4. Bg5 Be7 5. Bg2 O-O 6. O-O Bd6 7. Nbd2 Ne5 8.
Ne4 Nxe4 9. Bxd8 Rxd8 10. Nxe5 Bxe5 11. Bxe4 d5 12. Bg2 Bd7 13. c3 c5 14. d4 Bd6
15. a3 b6 16. e3 g5 17. Qh5 c4 18. Qxg5+ Kf8 19. Qh6+ Kg8 20. f4 f5 21. h4 Bf8
22. Qh5 b5 23. Qg5+ Kh8 24. g4 h6 25. Qf6+ Kh7 26. g5 Bg7 27. g6+ Kg8 28. Qf7+
Kh8 29. Rae1 Rf8 30. Qxd7 Bf6 31. Qh7# 1-0

[Event "AUTO-OPEN-2814"]
[Site "http://www.queenalice.com/game.php?id=1111358"]
[Date "2012.10.11"]
[Round "1"]
[White "favazza2007"]
[Black "carolbarrilari"]
[Result "1-0"]
[WhiteElo "1877"]
[BlackElo "1195"]

1. c4 e5 2. Nc3 Nc6 3. g3 Nf6 4. Bg2 Nd4 5. e3 Nf5 6. Nf3 d6 7. O-O Be6 8. d3
Qe7 9. Ng5 Bd7 10. e4 Nd4 11. Be3 Ng4 12. Bd2 Bc6 13. b4 Qf6 14. b5 Nxb5 15.
Qxg4 Nd4 16. Rac1 h6 17. Nh3 Qg6 18. Qxg6 fxg6 19. Rfe1 g5 20. f3 Be7 21. Nd5
1-0

[Event "AUTO-OPEN-2814"]
[Site "http://www.queenalice.com/game.php?id=1111359"]
[Date "2012.10.11"]
[Round "1"]
[White "carolbarrilari"]
[Black "Severynnas"]
[Result "0-1"]
[WhiteElo "1199"]
[BlackElo "1633"]

1. e4 e6 2. d3 d6 3. Nc3 Nf6 4. Nf3 Be7 5. Be2 O-O 6. O-O h6 7. h4 b5 8. Nxb5
Ba6 9. Nbd4 c5 10. Nb3 Bb5 11. d4 Bxe2 12. Qxe2 cxd4 13. Nfxd4 a5 14. a4 g5 15.
Be3 gxh4 16. Bxh6 Re8 17. c4 e5 18. Nc2 Nh7 19. Rad1 Nc6 20. Qe3 Nf6 0-1

[Event "AUTO-OPEN-2814"]
[Site "http://www.queenalice.com/game.php?id=1111360"]
[Date "2012.10.11"]
[Round "1"]
[White "Severynnas"]
[Black "carolbarrilari"]
[Result "1-0"]
[WhiteElo "1635"]
[BlackElo "1197"]

1. d4 d5 2. e3 e6 3. Nf3 Nf6 4. Be2 Nc6 5. O-O Bd6 6. c4 O-O 7. cxd5 exd5 8. Ng5
Bf5 9. Nc3 h6 10. Nf3 Bb4 11. a3 Bd6 12. b4 g5 13. h3 Qe8 14. g4 Be6 15. Nb5 a6
16. Nc3 Ne4 17. Nxe4 dxe4 18. Nd2 f6 19. f4 b5 20. Nxe4 1-0